000 00750cam a22002651 4500
001 15204129
003 OSt
005 20140310182052.0
008 080304s1970 njuab 000 0beng
010 _a 78104176
040 _aDLC
_cDLC
_dDLC
050 0 0 _aD 843
_b.P962 1970
082 _aHS 327.1
_bP94 1970
245 1 0 _aProblems in international relations /
250 _a3d ed.
260 _aEnglewood Cliffs, N. J. :
_bPrentice-Hall,
_cc1970.
300 _a366 p. :
_c23 cm.
650 0 _aWorld politics
_y1945-1955.
_912114
700 1 _aGibbs, Hubert S.,
_ejoint ed.
_912115
906 _a7
_bibc
_cpremver
_d3
_encip
_f19
_gy-gencatlg
942 _2lcc
_cHS
999 _c9006
_d9006